Kostka Rubika-ruchy permutacji Y - Statystyki

Ogólne statystyki
  • Ten quiz został rozwiązany 71 razy
  • Średni wynik to 13 z 17
Statystyki odpowiedzi
Ruch % Poprawnych
F
100%
R
95%
U'
87%
R'
82%
U'
82%
R
74%
U
74%
R'
72%
F'
69%
R
69%
R'
69%
R'
69%
U
69%
U'
69%
F
62%
F'
62%
R
62%
Nie znaleziono quizów pasujących do podanych kryteriów
Rozkład punktacji
Procent ludzi z każdym wynikiem
Percentyl według liczby udzielonych odpowiedzi
Twoja historia wyników
Nie rozwiązałeś tego quizu